000
00289nam a22001217a 4500
999
_c
4996
_d
4996
008
250502b ||||| |||| 00| 0 eng d
020
_a
9788854413313
082
_a
609.2 VOG
100
_a
VOGATO,VALTER
_e
AUTHOR
245
_a
GREAT INVENTORS
260
_a
MILAN,ITALY
_b
WS KIDS
942
_2
ddc